| 000 | 00501nam a22001937a 4500 | ||
|---|---|---|---|
| 003 | MPLRDC | ||
| 005 | 20220104143553.0 | ||
| 008 | 210129b ||||| |||| 00| 0 eng d | ||
| 020 | _a978-957-470-554-2 | ||
| 082 | _a177.2 HT c.2 | ||
| 100 | _a黄桐 | ||
| 245 |
_a苦难教我的七件事 _c |
||
| 250 | _a初版 | ||
| 260 |
_a台湾 _b人本自然文化事业有限公司 _c2010 |
||
| 300 | _b234 | ||
| 490 | _a励志系: 13 | ||
| 650 | _a应用心理学--成功法 | ||
| 942 |
_cBK _o177.2 HT c.2 |
||
| 999 |
_c41217 _d41207 |
||